| 000 | 01679nam a2200493 i 4500 | ||
|---|---|---|---|
| 001 | 38211 | ||
| 003 | KOSZ 005 | ||
| 005 | 20190903133902.0 | ||
| 008 | 990705s1999 pl a f f |000 0 pol | ||
| 015 | _aPB 1999/9554 | ||
| 020 | _a8372440247 | ||
| 035 | _a991010714879705066 | ||
| 035 | _a(PL-WaBN)b12918519-48omnis_nlop | ||
| 035 | _ab12918519 | ||
| 035 | _a(OCoLC)749508387 | ||
| 035 | _a(PL)b0000001291851 | ||
| 035 | _a(EXLNZ-48OMNIS_NETWORK)9910188290705606 | ||
| 040 |
_aWA N _cWA N _dKOSZ 005/HR |
||
| 041 | 0 | _apol | |
| 080 | _a631.6:504:636](075.8) | ||
| 100 | 1 |
_aPiekut, Kazimierz _eAutor |
|
| 245 | 1 | 0 |
_aPodstawy rolnictwa dla inżynierów kształtowania środowiska / _cKazimierz Piekut, Henryk Pawłat. |
| 260 |
_aWarszawa : _bWydaw. SGGW [Szkoły Głównej Gospodarstwa Wiejskiego], _c1999. |
||
| 300 |
_a265 s. : _bfot., rys., wykr. ; _c24 cm. |
||
| 336 |
_2rdacontent _aTekst _btxt |
||
| 337 |
_2rdamedia _aBez urządzenia pośredniczącego _bn |
||
| 338 |
_2rdacarrier _aWolumin _bnc |
||
| 380 | _aKsiążki | ||
| 380 | _aPublikacje dydaktyczne | ||
| 385 |
_mPoziom nauczania _aSzkoły wyższe |
||
| 388 | _a1901-2000 | ||
| 388 | _a1989-2000 | ||
| 504 | _aBibliogr. s. 233-236. | ||
| 650 | 7 |
_aAgrotechnika _2DBN |
|
| 650 | 7 |
_aInżynieria środowiska _2DBN |
|
| 650 | 7 |
_aZootechnika _2DBN |
|
| 655 | 7 |
_aPodręczniki akademickie _2DBN |
|
| 658 | _aRolnictwo i leśnictwo | ||
| 658 | _aOchrona środowiska | ||
| 700 | 1 |
_aPawłat, Henryk _eAutor |
|
| 856 |
_uhttp://koha.tu.koszalin.pl/cgi-bin/koha/opac-detail.pl?biblionumber=38211 _yKataolg online |
||
| 942 |
_2UKD _cKS |
||
| 999 |
_c38211 _d38211 |
||